Los tratados de límites y la paz internacional americana, (Record no. 51232)

MARC details
000 -LEADER
fixed length control field 00654cam a22002051 4500
001 - CONTROL NUMBER
control field pa 33000003
003 - CONTROL NUMBER IDENTIFIER
control field DLC
005 - DATE AND TIME OF LATEST TRANSACTION
control field 20260227111852.0
008 - FIXED-LENGTH DATA ELEMENTS--GENERAL INFORMATION
fixed length control field 060727s1932 nyu 000 0 spa
010 ## - LIBRARY OF CONGRESS CONTROL NUMBER
LC control number pa 33000003
040 ## - CATALOGING SOURCE
Original cataloging agency DLC
Transcribing agency DLC
Modifying agency DLC
043 ## - GEOGRAPHIC AREA CODE
Geographic area code s-ck---
-- s-pe---
050 00 - LIBRARY OF CONGRESS CALL NUMBER
Classification number F2281.B7
Item number P47712 1932
100 1# - MAIN ENTRY--PERSONAL NAME
Personal name López, Jacinto,
Dates associated with a name 1864-
245 14 - TITLE STATEMENT
Title Los tratados de límites y la paz internacional americana,
Remainder of title el tratado secreto de 1922 entre Colombia y el Perú
Statement of responsibility, etc. [por] Jacinto López.
260 ## - PUBLICATION, DISTRIBUTION, ETC.
Place of publication, distribution, etc. [Nueva York,
Date of publication, distribution, etc. 1932]
300 ## - PHYSICAL DESCRIPTION
Extent 42 p.
Dimensions 23 cm.
651 #0 - SUBJECT ADDED ENTRY--GEOGRAPHIC NAME
Geographic name Colombia
General subdivision Boundaries
Geographic subdivision Peru.
651 #0 - SUBJECT ADDED ENTRY--GEOGRAPHIC NAME
Geographic name Peru
General subdivision Boundaries
Geographic subdivision Colombia.

No items available.

Powered by Koha